Diễn biến một số thông số chất lượng nước mặt trên kênh xáng Xà No đoạn từ Vị Thanh đến Vị Thủy - tỉnh An Giang : Luận văn tốt nghiệp Cao học. Chuyên ngành Khoa học môi trường
Xác định được các diễn biến một số thông số chất lượng nước mặt trong phạm vi các nổi đầu hàng năm trên kênh xáng Xà No theo thời gian trong ngày nhằm làm cơ sở cho đề xuất giải pháp quản lý góp phần khắc phục hiện trạng cá nổi đầ...
Spremljeno u:
| Glavni autor: | |
|---|---|
| Format: | Knjiga |
| Jezik: | Undetermined |
| Izdano: |
Cần Thơ
Trường Đại học Cần Thơ
2016
|
| Teme: | |
| Oznake: |
Dodaj oznaku
Bez oznaka, Budi prvi tko označuje ovaj zapis!
|
| Thư viện lưu trữ: | Trung tâm Học liệu Trường Đại học Cần Thơ |
|---|
| LEADER | 01284nam a2200217Ia 4500 | ||
|---|---|---|---|
| 001 | CTU_221368 | ||
| 008 | 210402s9999 xx 000 0 und d | ||
| 082 | |a 628.11 | ||
| 082 | |b T305 | ||
| 088 | |a 60440301 | ||
| 100 | |a Phan, Văn Tiến | ||
| 245 | 0 | |a Diễn biến một số thông số chất lượng nước mặt trên kênh xáng Xà No đoạn từ Vị Thanh đến Vị Thủy - tỉnh An Giang : | |
| 245 | 0 | |b Luận văn tốt nghiệp Cao học. Chuyên ngành Khoa học môi trường | |
| 245 | 0 | |c Phan Văn Tiến ; Nguyễn Văn Công (Cán bộ hướng dấn) | |
| 260 | |a Cần Thơ | ||
| 260 | |b Trường Đại học Cần Thơ | ||
| 260 | |c 2016 | ||
| 520 | |a Xác định được các diễn biến một số thông số chất lượng nước mặt trong phạm vi các nổi đầu hàng năm trên kênh xáng Xà No theo thời gian trong ngày nhằm làm cơ sở cho đề xuất giải pháp quản lý góp phần khắc phục hiện trạng cá nổi đầu. | ||
| 650 | |a Water quality,Chất lượng nước | ||
| 904 | |i My,Hải | ||
| 980 | |a Trung tâm Học liệu Trường Đại học Cần Thơ | ||